[Играет] Святослав Рихтер, фп. (Запись № 13283484)

Подробности
000 -МАРКЕР
контрольное поле 03656njm0a2200385 4500
001 - ИДЕНТИФИКАТОР ЗАПИСИ
контрольное поле RU\NLR\ONIZ\216421
005 - ИДЕНТИФИКАТОР ВЕРСИИ
контрольное поле 20250708192738.0
035 ## - ДРУГИЕ СИСТЕМНЫЕ НОМЕРА
Идентификатор записи (NLR Aleph) 011338759
071 00 - ИЗДАТЕЛЬСКИЙ НОМЕР
Номер, присвоенный агентством SMC CD 0050
100 ## - ДАННЫЕ ОБЩЕЙ ОБРАБОТКИ
Данные общей обработки 20170215d2013 |||y0rusy50 ca
102 ## - СТРАНА ПУБЛИКАЦИИ ИЛИ ПРОИЗВОДСТВА
Страна публикации Российская Федерация
126 ## - ПОЛЕ КОДИРОВАННЫХ ДАННЫХ: ЗВУКОЗАПИСИ - ФИЗИЧЕСКИЕ ХАРАКТЕРИСТИКИ
Кодированные данные звукозаписи (общие) aguxhxu ux
Кодированные данные звукозаписи (уточнения) xxx
127 ## - ПОЛЕ КОДИРОВАННЫХ ДАННЫХ: ПРОДОЛЖИТЕЛЬНОСТЬ ЗВУКОЗАПИСЕЙ И НОТНЫХ ИЗДАНИЙ (МУЗЫКАЛЬНОЕ ИСПОЛНЕНИЕ)
Продолжительность 000050
135 ## - ПОЛЕ КОДИРОВАННЫХ ДАННЫХ: ЭЛЕКТРОННЫЕ РЕСУРСЫ
Кодированные данные для электронного ресурса honoannnanndn
200 1# - ЗАГЛАВИЕ И СВЕДЕНИЯ ОБ ОТВЕТСТВЕННОСТИ
Основное заглавие [Играет] Святослав Рихтер, фп.
Общее обозначение материала Звукозапись
210 ## - ПУБЛИКАЦИЯ, РАСПРОСТРАНЕНИЕ И ДР.
Место издания, распространения и т.д. Москва
Имя издателя, распространителя и т. д. Московская государственная консерватория
Дата издания, распространения и т.д. 2013
215 ## - ФИЗИЧЕСКАЯ ХАРАКТЕРИСТИКА
Специфическое обозначение материала и объем 1 зв. диск (50 мин), в футл.
Сопроводительный материал прил. (11 с.)
300 ## - ОБЩИЕ ПРИМЕЧАНИЯ
Текст примечания Записи 1957, 1958 гг.
327 1# - ПРИМЕЧАНИЯ О СОДЕРЖАНИИ
Текст примечания 1. Концерт № 1 для фортепиано с оркестром : ре мин. : BWV 1052 / И. С. Бах ; сопровожд.: Гос. симфонический оркестр СССР, дир. К. Зандерлинг.
-- 2. Концерт № 5 для фортепиано с оркестром : соль мин. : op. 55 / С. С. Прокофьев ; сопровожд. : Гос. симфонический оркестр СССР, дир. К. Сильвестри
464 #0 - АНАЛИТИЧЕСКИЙ УРОВЕНЬ
Встроенное поле 2001#$aКонцерт № 1 для фортепиано с оркестром$eре мин.$eBWV 1052$fИ. С. Бах$gсопровожд.: Гос. симфонический оркестр СССР, дир. К. Зандерлинг
-- 6061#$aКонцерты для фортепиано с оркестром$xЗвукозапись$yГермания$z18 в.$2nlr_sh
-- 686##$aЩ954.2-042(4Г)$vLBC/SL$2rubbk
-- 700#1$9z01790$aБах$bИ. С.$gИоганн Себастьян$f1685-1750$4230$7ca
-- 702#1$9z01790$aЗандерлинг$bК.$gКурт$cдирижер$f1912-2011$4250$7ca
-- 71202$aГосударственный симфонический оркестр СССР$4590$7ca
-- 790#1$9z01700$aBach$bJ. S.$gJohann Sebastian$f1685-1750$4230$7ba
-- 790#1$9z01702$aSanderling$bK.$gKurt$cconductor$f1912-2011$4250$7ba
Заглавие Концерт № 1 для фортепиано с оркестром
Автор Бах, Иоганн Себастьян (1685-1750)
464 #0 - АНАЛИТИЧЕСКИЙ УРОВЕНЬ
Встроенное поле 2001#$aКонцерт № 5 для фортепиано с оркестром$eсоль мин.$eop. 55$fС. С. Прокофьев$gсопровожд. : Гос. симфонический оркестр СССР, дир. К. Сильвестри
-- 6061#$aКонцерты для фортепиано с оркестром$xЗвукозапись$yРоссия$z20 век$2nlr_sh
-- 686##$aЩ954.2-042(28)$vLBC/SL$2rubbk
-- 700#1$9z01790$aПрокофьев$bС. С.$gСергей Сергеевич$f1891-1953$4230$7ca
-- 702#1$9z01790$aСильвестри$bК.$gКонстантин$cдирижер$f1913-1969$4250$7ca
-- 790#1$9z01700$aProkofiev$bS. S.$gSergej Sergeevich$f1891-1953$4230$7ba
-- 790#1$9z01702$aSilvestry$bC.$gConstantin$4250$7ba
Заглавие Концерт № 5 для фортепиано с оркестром
Автор Прокофьев, Сергей Сергеевич (1891-1953)
606 1# - НАИМЕНОВАНИЕ ТЕМЫ КАК ПРЕДМЕТ
Наименование темы Исполнительское искусство пианисты
Тематический подзаголовок Звукозапись
Географический подзаголовок Россия
Хронологический подзаголовок 20 век
Код системы nlr_sh
686 ## - ИНДЕКСЫ ДРУГИХ КЛАССИФИКАЦИЙ
Индекс Щ954.2, 8(2)
Издание LBC/SL
Код системы
700 #1 - ИМЯ ЛИЦА - ПЕРВИЧНАЯ ОТВЕТСТВЕННОСТЬ
Системный номер авторитетной/нормативной записи z01790
Начальный элемент ввода Рихтер
Часть имени, кроме начального элемента ввода С.Т.
Даты 1915-1997
Расширение инициалов личного имени Святослав Теофилович
Код отношения Исполнитель
--
790 #1 - ИМЯ ЛИЦА - АЛЬТЕРНАТИВНАЯ ФОРМА
Системный номер авторитетной/нормативной записи z01700
Начальный элемент ввода Rixter
Часть имени, кроме начального элемента ввода S.
Даты 1915-1997
Расширение инициалов личного имени Svyatoslav
Код отношения Исполнитель
--
Графика поля Латинская
801 #0 - ИСТОЧНИК ЗАПИСИ
Страна Российская Федерация
Организация NLR
Дата составления 20170215
Правила каталогизации PSBO
801 #1 - ИСТОЧНИК ЗАПИСИ
Страна Российская Федерация
Организация NLR
Дата составления 20170215
Источник данных rusmarc
801 #2 - ИСТОЧНИК ЗАПИСИ
Страна Российская Федерация
Организация NLR
Дата составления 20210202
852 ## - МЕСТОНАХОЖДЕНИЕ И ШИФР ХРАНЕНИЯ
Идентификатор организации NLR
Наименование фонда или коллекции (Sub-Location Identifier) Мг
Шифр хранения (Call Number) Д/2098
Страна
Номер экземпляра 1
942 ## - ДОПОЛНИТЕЛЬНЫЕ ЭЛЕМЕНТЫ ЗАПИСИ (АБИС)
Тип экземпляра АБИС Звукозапись
980 ## - КОЛЛЕКЦИЯ
Название коллекции Национальная библиография
980 ## - КОЛЛЕКЦИЯ
Название коллекции Отдел нот и звукозаписей
Экземпляры
Тип экземпляра Дата поступления Библиотека постоянного хранения Библиотека текущего хранения Место хранения Шифр хранения Статус экземпляра
Звукозапись 15.02.2017 РНБ (Московский) РНБ (Московский) Фонд нот и звукозаписей Д/2098 Д/2098